Graf schemy i ich primenenije /

Gespeichert in:
Bibliographische Detailangaben
1. Verfasser: Bloch, A.Š (Verfasst von)
Format: Buch
Sprache:Russisch
Veröffentlicht: Minsk : Vyšča škola, 1975
Tags: Tag hinzufügen
Keine Tags, Fügen Sie das erste Tag hinzu!

MARC

LEADER 00000nam a22000003a 4500
001 stu34820
005 20150617225730.2
008 920326s1975----xxr-----------------rus-d
040 |a STU  |b slo 
041 0 |a rus 
044 |a xxr 
080 |a 518/075/ 
100 1 |a Bloch, A.Š  |4 aut 
245 1 |a Graf schemy i ich primenenije /  |c [aut.]A.Š. Bloch 
260 |a Minsk :  |b Vyšča škola,  |c 1975 
300 |a 302 s 
996 |b 284M011938  |c M*5925-1  |l MMKN  |s A  |a 24  |w stu34820_0001